UITU Library & LRC     

Wireless Robot for Navigation and Obstacle Avoidance (Record no. 33596)

MARC details
000 -LEADER
fixed length control field 00494nam a2200133Ia 4500
008 - FIXED-LENGTH DATA ELEMENTS--GENERAL INFORMATION
fixed length control field 260210s9999 xx 000 0 und d
024 ## - OTHER STANDARD IDENTIFIER
Standard number or code 15B-146-EL, 15B-21-El, 15B-85-EL & 15B-84-EL
082 ## - DEWEY DECIMAL CLASSIFICATION NUMBER
Classification number 621.83072 JAH
100 ## - MAIN ENTRY--PERSONAL NAME
Personal name Jahanzeb Khan, Abdul Raffay Kashif, Sunaina Siddiqui & Sadia Shabbir
245 #0 - TITLE STATEMENT
Title Wireless Robot for Navigation and Obstacle Avoidance
260 ## - PUBLICATION, DISTRIBUTION, ETC.
Place of publication, distribution, etc. Karachi:
Name of publisher, distributor, etc. UITU,
Date of publication, distribution, etc. 2015
600 ## - SUBJECT ADDED ENTRY--PERSONAL NAME
Personal name Telecommunication Engineering
650 ## - SUBJECT ADDED ENTRY--TOPICAL TERM
Topical term or geographic name entry element Bachelor of Engineering (BE)

No items available.

Powered by Koha